000 00716nam a22002175i 4500
001 54204
003 ES-MaACL
005 20230906162920.0
007 t|
008 960717s1898 fr ||||1| fre d
040 _aCAM
_bspa
_cCAM
100 1 _aFilon, Augustin.
_950856
245 1 0 _aMérimée /
_cpar Augustin Filon.
260 _aParis :
_bLibrairie Hachette et Cie.,
_c1898 (
_eCoulommiers :
_fImp. Paul Brodard)
300 _a177 p., [1] h. de grab. ;
_c19 cm.
490 1 _aLes grands écrivains français
600 1 4 _aMérimée, Prosper (
_d1803-1870)
_980507
830 0 _aLes grands écrivains français
_9182230
852 _aES-MaACL
_jB-3176(1)
_z.- Encuadernado con otra obra
999 _c54204
_d54204